[Event "Hamburg CupT"]
[Site "Hamburg"]
[Date "2011.02.13"]
[Round "2.2"]
[White "Schroeder, Kai Uwe"]
[Black "Becker, Norbert"]
[Result "1/2-1/2"]
[WhiteElo "1848"]
[BlackElo "2196"]
[PlyCount "98"]
[EventDate "2011.02.12"]
[EventType "team-k.o."]
[EventRounds "4"]
[EventCountry "GER"]
[SourceTitle "EXT 2022"]
[Source "ChessBase"]
[SourceDate "2021.10.06"]
[SourceVersion "1"]
[SourceVersionDate "2021.10.06"]
[SourceQuality "1"]
[WhiteTeam "Wilhelmsburg"]
[BlackTeam "Barmbek"]
[WhiteTeamCountry "GER"]
[BlackTeamCountry "GER"]

1. e4 c5 2. Nf3 g6 3. Nc3 Bg7 4. d3 Nc6 5. g3 d6 6. Bg2 e5 7. 0-0 Nge7 8. Nh4 0-0 9. f4 f5 10. exf5 gxf5 11. Qh5 Be6 12. Nf3 Bf7 13. Qh3 Nd4 14. Ng5 Bg6 15. Rf2 Qd7 16. Nd5 Ndc6 17. Bd2 Rae8 18. Re1 b5 19. b3 b4 20. Bc1 Rb8 21. a4 Rbe8 22. Bb2 h6 23. Nxe7+ Nxe7 24. Nf3 exf4 25. Bxg7 Kxg7 26. gxf4 Nd5 27. Qh4 Rxe1+ 28. Nxe1 Qe6 29. Bxd5 Qxd5 30. Re2 Rf6 31. Qg3 Kf7 32. Qf3 Qxf3 33. Nxf3 Bh5 34. Kf2 Rg6 35. Re1 Rg4 36. Ke3 Rg2 37. Re2 Rxe2+ 38. Kxe2 Kg6 39. Kf2 Kf6 40. Ne1 Bd1 41. Ke3 Ke6 42. Kd2 Bh5 43. Ng2 Bf3 44. Ne3 Bc6 45. Ke2 Be8 46. Kd2 Bh5 47. Ng2 Bg4 48. Ne3 Bf3 49. Nf1 Bc6 1/2-1/2

[Event "Hamburg Junge op"]
[Site "Hamburg"]
[Date "2005.10.07"]
[Round "5"]
[White "Degtiarev, Evgeny"]
[Black "Becker, Norbert"]
[Result "1-0"]
[WhiteElo "2372"]
[BlackElo "2197"]
[PlyCount "75"]
[EventDate "2005.10.01"]
[EventType "swiss"]
[EventRounds "9"]
[EventCountry "GER"]
[SourceTitle "CBM 108 Extra"]
[Source "ChessBase"]
[SourceDate "2005.11.04"]
[SourceVersion "1"]
[SourceVersionDate "2005.11.04"]
[SourceQuality "1"]

1. d4 e6 2. c4 f5 3. g3 Nf6 4. Bg2 Be7 5. Nh3 0-0 6. 0-0 d6 7. b4 a5 8. b5 Qe8 9. a4 Nbd7 10. Nd2 e5 11. Bb2 h6 12. c5 exd4 13. c6 Nc5 14. cxb7 Bxb7 15. Bxb7 Nxb7 16. Bxd4 Nd7 17. Nf4 Qf7 18. Qb3 Bg5 19. Qxf7+ Rxf7 20. Nb3 Bxf4 21. gxf4 Re8 22. e3 g5 23. fxg5 hxg5 24. Kh1 Ne5 25. f4 gxf4 26. Rxf4 Re6 27. Raf1 Ng4 28. Rg1 Kf8 29. e4 Nh6 30. exf5 Nxf5 31. Rgf1 Nh6 32. Rxf7+ Nxf7 33. Rc1 Re7 34. Bf6 Rd7 35. Bc3 Ne5 36. Nxa5 Nxa5 37. Bxa5 Rh7 38. Bxc7 1-0

[Event "Hamburg Junge op"]
[Site "Hamburg"]
[Date "2005.10.03"]
[Round "3"]
[White "Bigalke, Andre"]
[Black "Becker, Norbert"]
[Result "1/2-1/2"]
[WhiteElo "2026"]
[BlackElo "2197"]
[PlyCount "87"]
[EventDate "2005.10.01"]
[EventType "swiss"]
[EventRounds "9"]
[EventCountry "GER"]
[SourceTitle "CBM 108 Extra"]
[Source "ChessBase"]
[SourceDate "2005.11.04"]
[SourceVersion "1"]
[SourceVersionDate "2005.11.04"]
[SourceQuality "1"]

1. d4 Nf6 2. g4 d5 3. g5 Ne4 4. f3 Nd6 5. Nc3 e6 6. e4 c6 7. Bd3 b5 8. h4 Nd7 9. Qe2 Be7 10. Nh3 Nb6 11. b3 a5 12. Bf4 Ba6 13. a4 0-0 14. 0-0 Qd7 15. Kh2 Qb7 16. Bxd6 Bxd6+ 17. e5 Bb4 18. axb5 cxb5 19. Na2 Be7 20. Bxb5 Bxb5 21. Qxb5 Rfc8 22. Rfc1 Ba3 23. Rf1 Rxc2+ 24. Rf2 Rxf2+ 25. Nxf2 Qa6 26. Qxa6 Rxa6 27. Nd3 Nd7 28. Nc3 Bf8 29. Nb5 Nb8 30. Nc7 Rc6 31. Nb5 Rc2+ 32. Kg3 Nc6 33. Rc1 Rxc1 34. Nxc1 Be7 35. Ne2 Bb4 36. h5 g6 37. hxg6 hxg6 38. f4 Kf8 39. Kf3 Ne7 40. Ke3 Nf5+ 41. Kd3 Ke7 42. Nbc3 Kd7 43. Nd1 Kc6 44. Nf2 1/2-1/2

[Event "Wichern op 6th"]
[Site "Hamburg"]
[Date "2001.10.21"]
[Round "9.20"]
[White "Becker, Norbert"]
[Black "Staak, Riccardo"]
[Result "1-0"]
[WhiteElo "2267"]
[BlackElo "2163"]
[PlyCount "93"]
[EventDate "2001.10.21"]
[EventType "swiss"]
[EventRounds "9"]
[EventCountry "GER"]
[SourceTitle "EXT 2002"]
[Source "ChessBase"]
[SourceDate "2001.11.25"]
[SourceVersion "1"]
[SourceVersionDate "2001.11.25"]
[SourceQuality "1"]

1. e4 e5 2. Nf3 Nc6 3. Nc3 Nf6 4. d4 exd4 5. Nxd4 Bb4 6. Nxc6 bxc6 7. Bd3 d5 8. exd5 cxd5 9. 0-0 0-0 10. Bg5 Bxc3 11. bxc3 h6 12. Bc1 Qd6 13. Qf3 Bg4 14. Qf4 Qxf4 15. Bxf4 c6 16. f3 Be6 17. a4 Rfe8 18. a5 Nh5 19. Bd6 Red8 20. Bc5 Nf4 21. Rfb1 Nxd3 22. cxd3 Bf5 23. Rb7 Bxd3 24. a6 Re8 25. Bxa7 f6 26. g4 Kh7 27. h4 Re6 28. Kf2 c5 29. Bxc5 Rexa6 30. Re1 Ra2+ 31. Kg3 Re2 32. Rxe2 Bxe2 33. Bd4 Kg8 34. g5 hxg5 35. hxg5 Rf8 36. Re7 Bd3 37. Rd7 Bc4 38. f4 Rf7 39. Rd6 fxg5 40. fxg5 Rf5 41. Rg6 Rf7 42. Rb6 Bd3 43. g6 Rf8 44. Rb7 Re8 45. Rxg7+ Kf8 46. Rf7+ Kg8 47. Rh7 1-0

[Event "Wichern op 6th"]
[Site "Hamburg"]
[Date "2001.10.20"]
[Round "8.21"]
[White "Jordan, Juergen"]
[Black "Becker, Norbert"]
[Result "1/2-1/2"]
[WhiteElo "2068"]
[BlackElo "2267"]
[PlyCount "23"]
[EventDate "2001.10.21"]
[EventType "swiss"]
[EventRounds "9"]
[EventCountry "GER"]
[SourceTitle "EXT 2002"]
[Source "ChessBase"]
[SourceDate "2001.11.25"]
[SourceVersion "1"]
[SourceVersionDate "2001.11.25"]
[SourceQuality "1"]

1. d4 Nf6 2. Nf3 e6 3. g3 c5 4. Bg2 Nc6 5. 0-0 Be7 6. c4 d5 7. Nc3 0-0 8. cxd5 exd5 9. Bf4 Be6 10. Rc1 c4 11. Ne5 Rc8 12. Nxc4 1/2-1/2